Ciudades hispanohablantes más grandes de la A a la Z - Estadísticas

Estadísticas generales
  • Esta prueba ha sido intentada 19 veces
  • La puntuación promedio es 13 de 27
Estadísticas de respuestas
Población Región Pista Respuesta % Correcto
C 3.2 million Sudamérica esta capital es la ciudad natal de Simón Bolívar Caracas
100%
M 9.2 millones México construida sobre las ruinas de la capital azteca Tenochtitlán, famosa por su catedral “hundida” Ciudad de México
100%
L 10 millones Sudamérica “Ciudad de los Reyes”, considerada ampliamente la capital gastronómica del mundo Lima
94%
H 2.1 millones Caribe famosa por sus autos estadounidenses clásicos, su arquitectura colonial española y el histórico malecón La Habana
88%
Q 1.8 millones Sudamérica capital de Ecuador Quito
88%
B 8 millones Sudamérica hogar del mundialmente famoso Museo del Oro y a menudo llamada la “Atenas de Sudamérica” Bogotá
82%
G 2.7 millones Sudamérica puerta de entrada a las islas Galápagos, principal puerto de su país Guayaquil
82%
D 616,000 México “Tierra del Cine”, escenario de rodaje de cientos de películas del oeste Durango
71%
S 6.3 millones Sudamérica esta capital alberga el Costanera Center, el edificio más alto de Sudamérica Santiago de Chile
71%
A 949,000 México llamada así por sus manantiales naturales de aguas termales, famosa por albergar la enorme Feria de San Marcos Aguascalientes
65%
P 1.7 millones México famosa por su colorida cerámica de Talavera y por la batalla de 1862 que inspiró el “Cinco de Mayo” Puebla
59%
T 1.9 millones México “Puerta de entrada a México”, sede del cruce fronterizo terrestre más transitado del mundo Tijuana
53%
O 259,000 México reconocida por sus Siete Moles, el mezcal y las cercanas ruinas zapotecas de Monte Albán Oaxaca
47%
R 1.3 millones Sudamérica famosa por su colorida cerámica de Talavera y por la batalla de 1862 que inspiró el “Cinco de Mayo” Rosario
47%
I 491,000 Sudamérica la ciudad más grande del mundo a la que no se puede llegar por carretera Iquitos
41%
Z 1.5 millones México famosa por su basílica y uno de los centros culturales más prósperos del occidente de México Zapopan
41%
E 1.6 millones México cuenta con el Mexicable, un sistema de transporte público por teleférico Ecatepec de Morelos
29%
V 1.6 millones Sudamérica famosa por su lago homónimo y por haber sido capital de su país en tres ocasiones Valencia, Venezuela
29%
X 489,000 México “Ciudad de las Flores”, homónima del chile jalapeño Xalapa
29%
J 1.5 millones México gran centro industrial, a menudo citada como la cuna del burrito Ciudad Juárez
24%
Ñ 267,000 Sudamérica ciudad chilena conocida por su ambiente bohemio y por ser sede del Estadio Nacional Ñuñoa
18%
F 308,000 Sudamérica “Ciudad Dulce” por sus famosas obleas (galletas con caramelo) y su cercanía al Cañón del Chicamocha Floridablanca
6%
N 1 millones México nombrada en honor al “Rey Poeta” del pueblo de Texcoco Nezahualcóyotl
6%
K 140,000 México famosa a nivel regional por su cocina tradicional, especialmente como la “Capital del Panucho” Kanasín
0%
U 300,000 México “Capital mundial del aguacate”, hogar del único parque nacional ubicado dentro de los límites de una ciudad en México Uruapan
0%
W 63,000 Centroamérica centro cultural del pueblo indígena miskito Waspán, Nicaragua
0%
Y 120,000 Sudamérica ciudad venezolana que es un importante centro de la industria azucarera de la región de Yaracuy Yaritagua, Venezuela
0%
No se encontraron pruebas coincidentes
Distribución de puntuación
Porcentaje de gente con cada puntuación
Porcentaje por número respondido
Historial de tus puntuaciones
No has intentado esta prueba.